000 00704cam a2200193 4500500
005 20260111080443.0
041 _afre
042 _adc
100 1 0 _aGaubert, Adrien
_eauthor
245 0 0 _aLes emprunts structurés des collectivités territoriales : renégocier ou attendre ?
260 _c2020.
500 _a26
690 _achambres régionales et territoriales des comptes
690 _aemprunts structurés
690 _aemprunts toxiques
690 _afinances locales
786 0 _nGestion & Finances Publiques | 6 | 6 | 2020-12-09 | p. 46-52 | 1969-1009
856 4 1 _uhttps://droit.cairn.info/revue-gestion-et-finances-publiques-2020-6-page-46?lang=fr&redirect-ssocas=7080
999 _c1616327
_d1616327